[Event "Brønshøj Lang Weekend 2017"]
[Site "?"]
[Date "2017.02.13"]
[Round "7"]
[White "Nielsen, Henrik Wendelbo"]
[Black "Koch-Müller, Oscar"]
[Result "1-0"]
[WhiteElo "1830"]
[BlackElo "1644"]
[PlyCount "155"]
[EventDate "2017.??.??"]

1. d4 d5 2. c4 Nf6 3. cxd5 Nxd5 4. Nc3 Nc6 5. e4 Nxc3 6. bxc3 e6 7. Nf3 Be7 8.
Be2 O-O 9. O-O b6 10. Bb2 Bb7 11. Qc2 Rc8 12. Rad1 Nb8 13. c4 c6 14. Rd2 Qc7
15. e5 Rfd8 16. Rfd1 Rd7 17. Bd3 g6 18. Be4 Rcd8 19. Qb3 Na6 20. a3 Qc8 21. h4
Nc7 22. h5 gxh5 23. Qe3 Kg7 24. Ng5 h6 25. Nxf7 Kxf7 26. Qxh6 Rg8 27. Qxh5+ Kf8
28. Rd3 Qe8 29. Rf3+ Bf6 30. Rxf6+ Ke7 31. Bg6 Rxg6 32. Rxg6 Kd8 33. Qg5+ Qe7
34. Rg8+ Ne8 35. Qxe7+ Kxe7 36. Kf1 Ba6 37. Rc1 c5 38. Rg4 Kd8 39. Ke1 Rh7 40.
dxc5 bxc5 41. Rd1+ Kc7 42. Rf4 Re7 43. Kd2 Bb7 44. g3 Bc6 45. Kc3 Ba4 46. Rd2
Rh7 47. Rh4 Rf7 48. f4 Rg7 49. Rd3 Rf7 50. Kd2 Bc6 51. Ke3 Ng7 52. g4 a6 53.
Rh7 Nf5+ 54. gxf5 Rxh7 55. fxe6 Rh3+ 56. Kd2 Rh2+ 57. Ke3 Rh3+ 58. Kd2 Rh2+ 59.
Kc3 Ba4 60. Rd6 Rc2+ 61. Kd3 Rxb2 62. Rxa6 Bc6 63. Ra7+ Kd8 64. f5 Rb7 65. Rxb7
Bxb7 66. f6 Bc8 67. e7+ Ke8 68. a4 Bb7 69. a5 Kf7 70. Kc3 Bc8 71. Kd3 Bb7 72.
Ke3 Ba6 73. e6+ Ke8 74. Kf4 Bxc4 75. Ke5 Bd5 76. Kd6 Bxe6 77. Kxe6 c4 78. f7#
1-0

[Event "Brønshøj Lang Weekend 2017"]
[Site "?"]
[Date "2017.02.13"]
[Round "7"]
[White "Liu, Casper Yukun"]
[Black "Ozcan, Güney"]
[Result "1-0"]
[WhiteElo "1765"]
[BlackElo "1857"]
[PlyCount "67"]
[EventDate "2017.??.??"]

1. e4 c6 2. Nf3 d5 3. Nc3 dxe4 4. Nxe4 Nf6 5. Ng3 h5 6. Bc4 h4 7. Ne2 Bg4 8.
Nf4 e5 9. Bxf7+ Kxf7 10. Nxe5+ Kg8 11. Nxg4 Nbd7 12. d4 Bd6 13. Qf3 Qa5+ 14. c3
Re8+ 15. Be3 h3 16. Nxh3 Qb5 17. Nxf6+ Nxf6 18. Qe2 Qd5 19. O-O Re4 20. c4 Qe6
21. Rae1 Ng4 22. d5 cxd5 23. cxd5 Qe8 24. Qd3 Nxh2 25. f3 Rxh3 26. Qxe4 Nxf3+
27. gxf3 Rh1+ 28. Kg2 Rh2+ 29. Kg1 Rh1+ 30. Kg2 Rh2+ 31. Kg1 Qh5 32. f4 Qh4 33.
Bf2 Qh3 34. Qe6+ 1-0

[Event "Brønshøj Lang Weekend 2017"]
[Site "?"]
[Date "2017.02.13"]
[Round "7"]
[White "Eiholt, Bjarne"]
[Black "Kristensen, Lars Østergård"]
[Result "1-0"]
[WhiteElo "1589"]
[BlackElo "1709"]
[PlyCount "53"]
[EventDate "2017.??.??"]

1. d4 Nf6 2. c4 d6 3. Nc3 Nbd7 4. Nf3 c6 5. e4 e5 6. Bd3 Be7 7. O-O O-O 8. b3
Re8 9. Bb2 Bf8 10. Qc2 exd4 11. Nxd4 Nc5 12. Rfe1 Ng4 13. h3 Ne5 14. Be2 Qg5
15. Nf5 Ne6 16. Ng3 Nd4 17. Qd1 c5 18. Nd5 Nxe2+ 19. Rxe2 Rb8 20. Qc2 Be6 21.
Qc3 h5 22. f4 Qg6 23. fxe5 Bxh3 24. Nf4 Qg4 25. Nxh3 Rxe5 26. Qf3 Rg5 27. Nxg5
1-0

[Event "Brønshøj Lang Weekend 2017"]
[Site "?"]
[Date "2017.02.13"]
[Round "7"]
[White "Vinter, Christoffer"]
[Black "Dupont, Michael Kim"]
[Result "1-0"]
[WhiteElo "1589"]
[BlackElo "1548"]
[PlyCount "102"]
[EventDate "2017.??.??"]

1. e4 Nc6 2. Nf3 d6 3. Bc4 Nf6 4. Nc3 g6 5. O-O Bg7 6. d4 O-O 7. Bg5 e5 8. d5
Ne7 9. Nd2 h6 10. Bh4 g5 11. Bg3 Ng6 12. h4 g4 13. Be2 h5 14. f3 Nf4 15. Bxf4
exf4 16. fxg4 Nxg4 17. Bxg4 Bd4+ 18. Kh2 Bxg4 19. Nf3 Be5 20. Qe1 Kg7 21. Nxe5
dxe5 22. g3 f3 23. Rc1 f5 24. exf5 Rxf5 25. Rf2 Qe7 26. Qe4 Re8 27. Nd1 Rf4 28.
Qe1 Kh7 29. Kg1 Bh3 30. Rh2 Rxh4 31. Nf2 Qd7 32. Ne4 Qf5 33. gxh4 Rg8+ 34. Ng5+
Kh6 35. Rxh3 Qxh3 36. Qf2 Qg4+ 37. Kf1 Qc4+ 38. Ke1 Qxd5 39. Qd2 Qxd2+ 40. Kxd2
Rf8 41. Rf1 Rf4 42. Ke3 Rxh4 43. Nxf3 Rh3 44. Rg1 h4 45. Rg4 Kh5 46. Rg5+ Kh6
47. Rxe5 Rg3 48. Re4 h3 49. Kf4 Rg2 50. Rc4 c6 51. Ke5 h2 1-0

[Event "Brønshøj Lang Weekend 2017"]
[Site "?"]
[Date "2017.02.13"]
[Round "7"]
[White "Møller, Arne Vagn"]
[Black "Jørgensen, Orla Eilegaard"]
[Result "1/2-1/2"]
[WhiteElo "1852"]
[BlackElo "1678"]
[PlyCount "62"]
[EventDate "2017.??.??"]

1. e4 c5 2. Nf3 a6 3. d4 cxd4 4. Nxd4 d6 5. Nc3 Nf6 6. Be2 Nc6 7. O-O g6 8. Kh1
Bg7 9. Be3 Nxd4 10. Bxd4 b5 11. a3 O-O 12. f4 Bb7 13. Bf3 Rc8 14. e5 Bxf3 15.
Qxf3 dxe5 16. Bxe5 Qd2 17. Rf2 Qd8 18. Rd1 Qb6 19. Rfd2 Rfd8 20. h3 Rxd2 21.
Rxd2 Rd8 22. Rxd8+ Qxd8 23. Qb7 Nh5 24. Qxa6 Bxe5 25. fxe5 Qd2 26. Qa8+ Kg7 27.
Qf3 Qe1+ 28. Kh2 Qxe5+ 29. Kg1 Qe1+ 30. Kh2 Qe5+ 31. Kg1 Qe1+ 1/2-1/2